[Event "Dzhubga Rapid op"]
[Site "Dzhubga"]
[Date "2023.08.11"]
[Round "4"]
[White "Afanasiev, Nikita"]
[Black "Zakhartsov, Viacheslav V"]
[Result "1/2-1/2"]
[WhiteElo "2537"]
[BlackElo "2467"]
[PlyCount "107"]
[EventDate "2023.08.10"]
[EventType "swiss (rapid)"]
[EventRounds "11"]
[EventCountry "RUS"]
[SourceTitle "CBM 215 Extra"]
[Source "ChessBase"]
[SourceDate "2023.09.30"]
[SourceVersion "1"]
[SourceVersionDate "2023.09.30"]
[SourceQuality "1"]

1. Nf3 Nf6 2. c4 b6 3. g3 c5 4. Bg2 Bb7 5. 0-0 e6 6. Nc3 Be7 7. Re1 a6 8. e4 d6 9. d4 cxd4 10. Nxd4 Qc7 11. Be3 Nbd7 12. f4 0-0 13. Rc1 Rac8 14. g4 Nc5 15. Bf2 g6 16. f5 e5 17. Nb3 gxf5 18. Nxc5 bxc5 19. gxf5 Kh8 20. Kh1 Rg8 21. Bf3 Ne8 22. Qd3 Bg5 23. Rcd1 Rd8 24. Rg1 Nf6 25. Rxg5 Rxg5 26. Bh4 h6 27. Bxg5 hxg5 28. Qd2 Nh7 29. f6 Qd7 30. Rg1 Qh3 31. Bg4 Qh6 32. Rg3 Qxf6 33. Rf3 Qe7 34. Rh3 Kg7 35. Bf5 Rh8 36. Rd3 Rd8 37. Ne2 Nf8 38. Rh3 Ng6 39. Ng3 Rh8 40. Nh5+ Kg8 41. Kg1 Nf4 42. Nxf4 exf4 43. Rb3 Rh6 44. Qc3 g4 45. Qd2 g3 46. Rxg3+ fxg3 47. Qxh6 gxh2+ 48. Kxh2 Qe5+ 49. Kh3 Qh8 50. Qxh8+ Kxh8 51. Kg4 Kg7 52. Kf4 Kf6 53. b3 a5 54. a4 1/2-1/2

[Event "Bhubaneswar op-A 14th"]
[Site "Bhubaneswar"]
[Date "2023.06.15"]
[Round "6"]
[White "Majumder, Shrayan"]
[Black "Zakhartsov, Viacheslav V"]
[Result "1/2-1/2"]
[WhiteElo "1843"]
[BlackElo "2514"]
[PlyCount "75"]
[EventDate "2023.06.11"]
[EventType "swiss"]
[EventRounds "10"]
[EventCountry "IND"]
[SourceTitle "CBM 214 Extra"]
[Source "ChessBase"]
[SourceDate "2023.07.31"]
[SourceVersion "1"]
[SourceVersionDate "2023.07.31"]
[SourceQuality "1"]

1. d4 Nf6 2. c4 e6 3. Nc3 Bb4 4. Bd2 0-0 5. Nf3 d5 6. e3 c6 7. Bd3 Nbd7 8. 0-0 Qe7 9. a3 Bd6 10. c5 Bc7 11. e4 dxe4 12. Nxe4 Nxe4 13. Bxe4 e5 14. Re1 f5 15. Bc2 e4 16. b4 Nf6 17. Bb3+ Be6 18. Ng5 Bxb3 19. Qxb3+ Nd5 20. f3 Qf6 21. fxe4 fxe4 22. Qh3 Qf2+ 23. Kh1 h6 24. Nxe4 Qxd4 25. Bc3 Nxc3 26. Qxc3 Rad8 27. Qxd4 Rxd4 28. Rad1 Rfd8 29. Rxd4 Rxd4 30. g3 Kf7 31. Re3 b5 32. Kg2 Rd1 33. Kf3 Be5 34. Nc3 Bxc3 35. Rxc3 Ke6 36. Ke4 Re1+ 37. Kd4 Rd1+ 38. Ke4 1/2-1/2

[Event "Bhubaneswar op-A 14th"]
[Site "Bhubaneswar"]
[Date "2023.06.13"]
[Round "4"]
[White "Zakhartsov, Viacheslav V"]
[Black "Challa, Saharsha"]
[Result "1-0"]
[WhiteElo "2514"]
[BlackElo "1602"]
[PlyCount "69"]
[EventDate "2023.06.11"]
[EventType "swiss"]
[EventRounds "10"]
[EventCountry "IND"]
[SourceTitle "CBM 214 Extra"]
[Source "ChessBase"]
[SourceDate "2023.07.31"]
[SourceVersion "1"]
[SourceVersionDate "2023.07.31"]
[SourceQuality "1"]

1. d4 Nf6 2. c4 e6 3. Nc3 Bb4 4. e3 0-0 5. Nge2 d5 6. a3 Bxc3+ 7. Nxc3 Nbd7 8. cxd5 exd5 9. b4 Re8 10. Bd3 Nb6 11. Qc2 h6 12. 0-0 c6 13. Ne2 Ne4 14. f3 Nd6 15. e4 dxe4 16. fxe4 Be6 17. a4 a6 18. Kh1 Bg4 19. Ng3 h5 20. Rf4 Ndc8 21. Qf2 Qd7 22. a5 h4 23. Nf1 Ne7 24. axb6 Ng6 25. Rf5 Bxf5 26. exf5 Ne7 27. f6 Nd5 28. fxg7 Qg4 29. h3 Qxg7 30. Qxh4 Re6 31. Ng3 Re1+ 32. Kh2 Rae8 33. Bh6 Rxa1 34. Bxg7 Kxg7 35. Nf5+ 1-0

[Event "RUS-chT Rapid"]
[Site "Sochi"]
[Date "2022.10.18"]
[Round "2.10"]
[White "Zakhartsov, Viacheslav V"]
[Black "Tsydypov, Zhamsaran"]
[Result "0-1"]
[WhiteElo "2514"]
[BlackElo "2534"]
[PlyCount "104"]
[EventDate "2022.10.18"]
[EventType "team-swiss (rapid)"]
[EventRounds "9"]
[EventCountry "RUS"]
[SourceTitle "CBM 210 Extra"]
[Source "ChessBase"]
[SourceDate "2022.11.30"]
[SourceVersion "1"]
[SourceVersionDate "2022.11.30"]
[SourceQuality "1"]
[WhiteTeam "Moscow Region 77"]
[BlackTeam "Vologodsk Region"]
[WhiteTeamCountry "RUS"]
[BlackTeamCountry "RUS"]

1. d4 g6 2. e4 Bg7 3. c4 c5 4. d5 d6 5. Nc3 e6 6. Bd3 Ne7 7. h3 0-0 8. Nf3 Na6 9. Be3 exd5 10. cxd5 f5 11. Qd2 Nb4 12. Bb1 fxe4 13. Bxe4 Nf5 14. Bg5 Qe8 15. 0-0 Bxc3 16. bxc3 Qxe4 17. cxb4 Qxb4 18. Qxb4 cxb4 19. g4 h6 20. Bd2 Ne7 21. Nd4 Nxd5 22. Bxh6 Rf7 23. Bg5 Bd7 24. Rfe1 Rc8 25. Rac1 Nc3 26. Rc2 Rc4 27. Be3 Re7 28. Nb3 d5 29. Rd2 b6 30. Ra1 Bc6 31. Nd4 Bb7 32. Kh2 a5 33. Rb2 Re4 34. Rd2 Re8 35. Rb2 Na4 36. Rd2 Nc5 37. Rb1 Ne4 38. Rdb2 Nc3 39. Ra1 Ba6 40. a3 Na4 41. Rd2 bxa3 42. Rxa3 Kf7 43. Rda2 Nc5 44. Rb2 Rb4 45. Rxb4 axb4 46. Ra1 Bd3 47. Rd1 Bc4 48. Ra1 b3 49. Bd2 Nd3 50. Ra7+ Re7 51. Rxe7+ Kxe7 52. Ne2 d4 0-1

[Event "RUS-chT Blitz"]
[Site "Sochi"]
[Date "2022.10.17"]
[Round "12.6"]
[White "Sjugirov, Sanan"]
[Black "Zakhartsov, Viacheslav V"]
[Result "1-0"]
[WhiteElo "2709"]
[BlackElo "2514"]
[PlyCount "56"]
[EventDate "2022.10.17"]
[EventType "team-swiss (blitz)"]
[EventRounds "13"]
[EventCountry "RUS"]
[SourceTitle "CBM 210 Extra"]
[Source "ChessBase"]
[SourceDate "2022.11.30"]
[SourceVersion "1"]
[SourceVersionDate "2022.11.30"]
[SourceQuality "1"]
[WhiteTeam "Tatarstan Ladya"]
[BlackTeam "Region 77"]
[WhiteTeamCountry "RUS"]
[BlackTeamCountry "RUS"]

1. d4 Nf6 2. c4 e6 3. Nf3 b6 4. g3 Ba6 5. b3 Bb4+ 6. Bd2 Be7 7. Bg2 c6 8. Bc3 d5 9. Nbd2 Nbd7 10. Qc2 0-0 11. e4 Rc8 12. 0-0 c5 13. exd5 exd5 14. Rfd1 Qc7 15. Qf5 g6 16. Qh3 dxc4 17. bxc4 cxd4 18. Nxd4 Nh5 19. Nc6 Bf6 20. Ne4 Bxc3 21. Ne7+ Kg7 22. Rxd7 Qxc4 23. Rc1 Qxa2 24. Nxc8 Bxc8 25. Nxc3 Qb2 26. Re1 Bxd7 27. Qxd7 Qxc3 28. Rd1 a5 1-0

[Event "Suwalki Warakomska Memorial op 3rd"]
[Site "Suwalki"]
[Date "2019.08.12"]
[Round "9"]
[White "Goluch, Piotr"]
[Black "Zakhartsov, Viacheslav V"]
[Result "1/2-1/2"]
[WhiteElo "2418"]
[BlackElo "2518"]
[PlyCount "112"]
[EventDate "2019.08.05"]
[EventType "swiss"]
[EventRounds "9"]
[EventCountry "POL"]
[SourceTitle "CBM 191 Extra"]
[Source "ChessBase"]
[SourceDate "2019.09.30"]
[SourceVersion "1"]
[SourceVersionDate "2019.09.30"]
[SourceQuality "1"]

1. d4 Nf6 2. c4 g6 3. Nf3 Bg7 4. g3 d5 5. cxd5 Nxd5 6. Bg2 Nb6 7. Nc3 Nc6 8. e3 0-0 9. 0-0 Re8 10. Re1 a5 11. Qe2 Be6 12. Rd1 Nb4 13. e4 Bc4 14. Qd2 a4 15. Ne1 e5 16. d5 Qd6 17. Nc2 Bf8 18. Nxb4 Qxb4 19. Qc2 Qa5 20. Be3 Bc5 21. Bxc5 Qxc5 22. Rac1 Qb4 23. h4 c6 24. h5 Rad8 25. h6 cxd5 26. Nxd5 Bxd5 27. exd5 Rc8 28. Qe2 Qd6 29. Qb5 f5 30. Rc3 Kf7 31. Rdc1 Rxc3 32. bxc3 e4 33. c4 e3 34. c5 exf2+ 35. Kxf2 Qe5 36. Qd3 Nd7 37. d6 Qb2+ 38. Rc2 Qb1 39. Qc4+ Kf6 40. Qc3+ Re5 41. Rb2 Qa1 42. c6 bxc6 43. Bxc6 a3 44. Rc2 Qxc3 45. Rxc3 Rc5 46. Rxc5 Nxc5 47. Bd5 Ne6 48. d7 Nd8 49. Bg8 Kg5 50. Bxh7 Kxh6 51. Bg8 Kg7 52. Bb3 Kf6 53. Ke3 Ke5 54. Kd3 Kd6 55. Ba4 Ne6 56. Kc4 g5 1/2-1/2

[Event "Suwalki Warakomska Memorial op 3rd"]
[Site "Suwalki"]
[Date "2019.08.10"]
[Round "7"]
[White "Zakhartsov, Viacheslav V"]
[Black "Grib, Roman"]
[Result "1/2-1/2"]
[WhiteElo "2518"]
[BlackElo "2413"]
[PlyCount "126"]
[EventDate "2019.08.05"]
[EventType "swiss"]
[EventRounds "9"]
[EventCountry "POL"]
[SourceTitle "CBM 191 Extra"]
[Source "ChessBase"]
[SourceDate "2019.09.30"]
[SourceVersion "1"]
[SourceVersionDate "2019.09.30"]
[SourceQuality "1"]

1. d4 Nf6 2. c4 c6 3. Nc3 d5 4. Nf3 g6 5. cxd5 cxd5 6. Qb3 Nc6 7. Bg5 Na5 8. Qa4+ Bd7 9. Qd1 Ne4 10. Nxe4 dxe4 11. Nd2 Qb6 12. Nxe4 Bg7 13. e3 h6 14. Bf4 Qxb2 15. Bd3 0-0 16. 0-0 Bc6 17. Nc5 e5 18. dxe5 Bxe5 19. Bxh6 Bxh2+ 20. Kxh2 Qh8 21. Qg4 Qxh6+ 22. Kg1 Rad8 23. Be2 Rd5 24. Qb4 Rg5 25. f3 Re5 26. Rf2 Qxe3 27. Nd3 Rd5 28. Re1 Qd4 29. Qxd4 Rxd4 30. Ne5 Re8 31. Nxc6 Nxc6 32. Rb1 Rb4 33. Rc1 Re3 34. Bc4 Ne5 35. Bd5 Nd3 36. Rc8+ Kg7 37. Rd2 Nf4 38. Bb3 Re7 39. Kf2 a5 40. Ra8 b6 41. g3 Ne6 42. Re2 Kf6 43. f4 g5 44. fxg5+ Nxg5 45. Rxe7 Kxe7 46. Ke3 f6 47. Bd5 Rg4 48. Kf2 Rd4 49. Bb3 Rb4 50. Ke3 Ne4 51. Rg8 Nc5 52. Bd5 Kd6 53. Rd8+ Ke5 54. Bg8 f5 55. Rd5+ Kf6 56. Rd6+ Kg7 57. Bd5 Ne4 58. Bxe4 Rxe4+ 59. Kf3 Rb4 60. a3 Rb3+ 61. Kf4 b5 62. Rd5 Kf6 63. Rxf5+ Kg6 1/2-1/2

[Event "Suwalki Warakomska Memorial op 3rd"]
[Site "Suwalki"]
[Date "2019.08.08"]
[Round "5"]
[White "Zakhartsov, Viacheslav V"]
[Black "Harsha, Bharathakoti"]
[Result "1/2-1/2"]
[WhiteElo "2518"]
[BlackElo "2489"]
[PlyCount "50"]
[EventDate "2019.08.05"]
[EventType "swiss"]
[EventRounds "9"]
[EventCountry "POL"]
[SourceTitle "CBM 191 Extra"]
[Source "ChessBase"]
[SourceDate "2019.09.30"]
[SourceVersion "1"]
[SourceVersionDate "2019.09.30"]
[SourceQuality "1"]

1. d4 f5 2. g3 Nf6 3. Bg2 g6 4. c4 Bg7 5. Nc3 0-0 6. Nf3 d6 7. 0-0 Qe8 8. d5 Na6 9. Rb1 Nc5 10. b4 Nce4 11. Bb2 Qf7 12. Nxe4 Nxe4 13. Qd3 a5 14. a3 axb4 15. axb4 e5 16. dxe6 Bxe6 17. Bxg7 Qxg7 18. Nd4 Bf7 19. Rfc1 Rfe8 20. e3 Qe5 21. Nb5 Ra2 22. Rc2 Ra1 23. Rcc1 Ra2 24. Rc2 Ra1 25. Rcc1 Ra2 1/2-1/2

[Event "Veliko Gradiste Silver Lake op"]
[Site "Veliko Gradiste"]
[Date "2019.06.23"]
[Round "9"]
[White "Van Dael, Siem"]
[Black "Zakhartsov, Viacheslav V"]
[Result "0-1"]
[WhiteElo "2290"]
[BlackElo "2518"]
[PlyCount "88"]
[EventDate "2019.06.16"]
[EventType "swiss"]
[EventRounds "9"]
[EventCountry "SRB"]
[SourceTitle "CBM 191 Extra"]
[Source "ChessBase"]
[SourceDate "2019.09.30"]
[SourceVersion "1"]
[SourceVersionDate "2019.09.30"]
[SourceQuality "1"]

1. e4 c5 2. Nf3 d6 3. d4 cxd4 4. Nxd4 Nf6 5. Nc3 a6 6. Be3 e5 7. Nb3 Be6 8. f3 h5 9. Qd2 Nbd7 10. Nd5 Bxd5 11. exd5 g6 12. Be2 Qc7 13. c4 a5 14. Rc1 a4 15. Na1 Qa5 16. Qxa5 Rxa5 17. 0-0 Bh6 18. Bxh6 Rxh6 19. b4 axb3 20. axb3 Ke7 21. b4 Ra2 22. Rc2 Ra4 23. c5 Rxb4 24. c6 Nc5 25. Rd1 bxc6 26. dxc6 Rh8 27. Rcd2 Ne8 28. Nc2 Rb2 29. Ne3 Rxd2 30. Rxd2 Nc7 31. Ra2 d5 32. Rd2 Rd8 33. g3 N5e6 34. Bd1 f6 35. Kf2 Kd6 36. Bc2 Rg8 37. f4 Nd4 38. Bb1 Kxc6 39. Nc2 Nce6 40. Nxd4+ Nxd4 41. Ra2 e4 42. Ra6+ Kc5 43. Ra5+ Nb5 44. Ba2 Rb8 0-1

[Event "Veliko Gradiste Silver Lake op"]
[Site "Veliko Gradiste"]
[Date "2019.06.20"]
[Round "6"]
[White "Zakhartsov, Viacheslav V"]
[Black "Radovanovic, Mihajlo"]
[Result "0-1"]
[WhiteElo "2518"]
[BlackElo "2483"]
[PlyCount "80"]
[EventDate "2019.06.16"]
[EventType "swiss"]
[EventRounds "9"]
[EventCountry "SRB"]
[SourceTitle "CBM 191 Extra"]
[Source "ChessBase"]
[SourceDate "2019.09.30"]
[SourceVersion "1"]
[SourceVersionDate "2019.09.30"]
[SourceQuality "1"]

1. d4 Nf6 2. c4 g6 3. Nc3 Bg7 4. e4 d6 5. Nf3 0-0 6. Be2 e5 7. 0-0 Na6 8. Be3 c6 9. d5 Ng4 10. Bg5 f6 11. Bh4 c5 12. Ne1 Nh6 13. a3 Bd7 14. Nd3 Qc8 15. f3 Nf7 16. Rb1 b6 17. b4 f5 18. b5 Nc7 19. exf5 gxf5 20. Qc2 Qe8 21. Kh1 Nh8 22. f4 e4 23. Nf2 Ng6 24. Bh5 Qf7 25. Nfd1 Ne8 26. Be1 Nf6 27. Be2 h5 28. h4 Ng4 29. Bxg4 fxg4 30. g3 e3 31. Nxe3 Bd4 32. Ncd1 Rae8 33. Qd3 Ne7 34. Bc3 Nf5 35. Nc2 Qf6 36. Nxd4 cxd4 37. Bd2 Nxh4 38. gxh4 Qxh4+ 39. Kg2 Bf5 40. Qg3 Re2+ 0-1

[Event "Veliko Gradiste Silver Lake op"]
[Site "Veliko Gradiste"]
[Date "2019.06.17"]
[Round "3"]
[White "Markovic, Zoran S"]
[Black "Zakhartsov, Viacheslav V"]
[Result "1/2-1/2"]
[WhiteElo "2334"]
[BlackElo "2518"]
[PlyCount "58"]
[EventDate "2019.06.16"]
[EventType "swiss"]
[EventRounds "9"]
[EventCountry "SRB"]
[SourceTitle "CBM 191 Extra"]
[Source "ChessBase"]
[SourceDate "2019.09.30"]
[SourceVersion "1"]
[SourceVersionDate "2019.09.30"]
[SourceQuality "1"]

1. e4 c5 2. Nf3 d6 3. d4 cxd4 4. Nxd4 Nf6 5. Nc3 a6 6. Be2 e6 7. f4 Be7 8. 0-0 0-0 9. Kh1 Qc7 10. Qe1 b5 11. Bf3 Bb7 12. e5 Ne8 13. Qg3 Nd7 14. Be3 Rc8 15. a3 dxe5 16. fxe5 Nb6 17. Rae1 Nc4 18. Bc1 Bxf3 19. Rxf3 Rd8 20. Nb3 f6 21. exf6 Qxg3 22. Rxg3 Bxf6 23. Nc5 Nc7 24. b3 Nb6 25. Rf3 Bd4 26. Rxf8+ Rxf8 27. N3e4 Nbd5 28. Nd3 h6 29. g3 b4 1/2-1/2

[Event "Veliko Gradiste Silver Lake op"]
[Site "Veliko Gradiste"]
[Date "2019.06.17"]
[Round "2"]
[White "Zakhartsov, Viacheslav V"]
[Black "Pogan, Nikolas"]
[Result "1-0"]
[WhiteElo "2518"]
[BlackElo "2266"]
[PlyCount "109"]
[EventDate "2019.06.16"]
[EventType "swiss"]
[EventRounds "9"]
[EventCountry "SRB"]
[SourceTitle "CBM 191 Extra"]
[Source "ChessBase"]
[SourceDate "2019.09.30"]
[SourceVersion "1"]
[SourceVersionDate "2019.09.30"]
[SourceQuality "1"]

1. d4 d5 2. c4 c6 3. Nf3 Nf6 4. Nc3 a6 5. c5 Bf5 6. Qb3 Qc8 7. h3 Nbd7 8. Bf4 e6 9. e3 Be7 10. Be2 0-0 11. 0-0 Re8 12. Nh4 Bd8 13. Nxf5 exf5 14. Qc2 g6 15. Bd3 Bc7 16. Ne2 Nf8 17. b4 Bxf4 18. Nxf4 Ne6 19. Ne2 Qc7 20. g3 h5 21. h4 Qe7 22. Kg2 Kh8 23. a4 Qf8 24. Rab1 Ne4 25. Rh1 Ra7 26. Ng1 Qe7 27. Nf3 Nf8 28. Rb3 Nd7 29. b5 axb5 30. axb5 Rea8 31. bxc6 bxc6 32. Rhb1 Qe8 33. Rb7 Kg7 34. R1b4 Qc8 35. Rxa7 Rxa7 36. Qb2 Nef6 37. Rb3 Ng4 38. Ne1 Kf8 39. Nc2 Qa8 40. Qc3 Ra2 41. Qb4 Ke7 42. Qb7 Qxb7 43. Rxb7 Kd8 44. Rb1 Kc7 45. Kf1 Nb8 46. Ke2 Nf6 47. f3 Ne4 48. Rg1 Na6 49. fxe4 Nb4 50. exf5 Nxc2 51. Kf3 gxf5 52. Bxf5 Na3 53. Rg2 Ra1 54. Bd3 Rd1 55. Ke2 1-0

[Event "Veliko Gradiste Silver Lake op"]
[Site "Veliko Gradiste"]
[Date "2019.06.16"]
[Round "1"]
[White "Rajkovic, Aleksandar"]
[Black "Zakhartsov, Viacheslav V"]
[Result "0-1"]
[WhiteElo "2178"]
[BlackElo "2518"]
[PlyCount "82"]
[EventDate "2019.06.16"]
[EventType "swiss"]
[EventRounds "9"]
[EventCountry "SRB"]
[SourceTitle "CBM 191 Extra"]
[Source "ChessBase"]
[SourceDate "2019.09.30"]
[SourceVersion "1"]
[SourceVersionDate "2019.09.30"]
[SourceQuality "1"]

1. Nf3 g6 2. c4 Bg7 3. Nc3 c5 4. g3 Nc6 5. Bg2 e6 6. 0-0 Nge7 7. Ne4 d6 8. e3 e5 9. d3 0-0 10. a3 h6 11. Rb1 a5 12. Nc3 Be6 13. b3 d5 14. e4 dxe4 15. dxe4 f5 16. Be3 Nd4 17. Nd2 Rb8 18. b4 axb4 19. axb4 f4 20. Bxd4 cxd4 21. Nd5 b5 22. gxf4 bxc4 23. Nxc4 exf4 24. Qf3 Rb5 25. Na3 Rxd5 26. exd5 Bxd5 27. Qg4 f3 28. Bh3 Rf5 29. Kh1 h5 30. Qg3 Re5 31. Rfe1 Re2 32. Nb5 d3 33. Qc7 Qf8 34. Nc3 d2 35. Rf1 Be5 36. Qd7 Bxc3 37. Rg1 Qf4 38. Rxg6+ Nxg6 39. Qxd5+ Kg7 40. Rg1 Re1 41. Bf1 d1Q 0-1

[Event "St Petersburg Korchnoi Memorial op"]
[Site "St Petersburg"]
[Date "2018.08.18"]
[Round "4"]
[White "Eynullayev, Altay Elshan"]
[Black "Zakhartsov, Viacheslav V"]
[Result "1/2-1/2"]
[WhiteElo "2180"]
[BlackElo "2544"]
[PlyCount "119"]
[EventDate "2018.08.15"]
[EventType "swiss"]
[EventRounds "9"]
[EventCountry "RUS"]
[SourceTitle "CBM 186 Extra"]
[Source "ChessBase"]
[SourceDate "2018.08.24"]
[SourceVersion "1"]
[SourceVersionDate "2018.08.24"]
[SourceQuality "1"]

1. d4 Nf6 2. c4 e6 3. g3 c5 4. d5 exd5 5. cxd5 d6 6. Nc3 g6 7. Bg2 Bg7 8. Nf3 0-0 9. 0-0 Re8 10. Bf4 Na6 11. Re1 Bf5 12. Nd2 Nh5 13. e4 Nxf4 14. gxf4 Bd7 15. Nc4 Qf6 16. Qf3 b5 17. e5 dxe5 18. Nxe5 Bf5 19. Nxb5 Rab8 20. Nxa7 Rxb2 21. Nac6 Nb4 22. Nc4 Rbe2 23. N4e5 Rxe1+ 24. Rxe1 Nxa2 25. Qa3 Nb4 26. Nxb4 cxb4 27. Qxb4 Bf8 28. Qa4 Rb8 29. Nc6 Rb2 30. Qd4 Qxd4 31. Nxd4 Bd7 32. Bf3 Bd6 33. f5 Bc5 34. Ne2 Bxf5 35. Rc1 Bb6 36. Rc3 Bd7 37. Kf1 f5 38. Ra3 Kf7 39. Ra8 g5 40. Bh5+ Ke7 41. Rh8 Bb5 42. Rxh7+ Kd6 43. Rh6+ Kxd5 44. Bf3+ Ke5 45. Rh5 Kf6 46. h3 Kg6 47. Rh8 Kg7 48. Rb8 Bc7 49. Rc8 Be5 50. Rc5 Kf6 51. Rc8 Ke7 52. Rg8 Bf4 53. Rg7+ Kf6 54. Rh7 Rb3 55. Kg2 Rxf3 56. Nd4 Rd3 57. Nxb5 Be5 58. Nc7 Kg6 59. Re7 Bxc7 60. Rxc7 1/2-1/2

[Event "St Petersburg Korchnoi Memorial op"]
[Site "St Petersburg"]
[Date "2018.08.16"]
[Round "2"]
[White "Nebolsina, Vera"]
[Black "Zakhartsov, Viacheslav V"]
[Result "1/2-1/2"]
[WhiteElo "2229"]
[BlackElo "2544"]
[PlyCount "82"]
[EventDate "2018.08.15"]
[EventType "swiss"]
[EventRounds "9"]
[EventCountry "RUS"]
[SourceTitle "CBM 186 Extra"]
[Source "ChessBase"]
[SourceDate "2018.08.24"]
[SourceVersion "1"]
[SourceVersionDate "2018.08.24"]
[SourceQuality "1"]

1. e4 c5 2. c3 Nf6 3. e5 Nd5 4. Nf3 Nc6 5. d4 cxd4 6. Bc4 Nb6 7. Bb3 d5 8. exd6 Qxd6 9. 0-0 Be6 10. Nxd4 Nxd4 11. cxd4 Bxb3 12. Qxb3 e6 13. Nc3 Qb4 14. d5 Qxb3 15. axb3 Nxd5 16. Nxd5 exd5 17. Rd1 Be7 18. Rxd5 0-0 19. Be3 Rfd8 20. Rxa7 Rxa7 21. Rxd8+ Bxd8 22. Bxa7 Bf6 23. Bc5 Bxb2 24. Kf1 f5 25. Ke2 Kf7 26. Kd3 Be5 27. h3 b5 28. Bd4 Bc7 29. Bc5 Ke6 30. Kc3 Ba5+ 31. Kd4 Be1 32. Kd3 Kd5 33. Bb6 Bb4 34. f3 h5 35. Bd4 g6 36. Bf6 Bd6 37. Bb2 Bc5 38. Bf6 Bd6 39. Bb2 Bb4 40. Bf6 Bc5 41. Bb2 Bd6 1/2-1/2

[Event "Riga Tech op 8th"]
[Site "Riga"]
[Date "2018.08.12"]
[Round "9"]
[White "Zakhartsov, Viacheslav V"]
[Black "Pechac, Jergus"]
[Result "1/2-1/2"]
[WhiteElo "2544"]
[BlackElo "2431"]
[PlyCount "99"]
[EventDate "2018.08.06"]
[EventType "swiss"]
[EventRounds "9"]
[EventCountry "LAT"]
[SourceTitle "CBM 185 Extra"]
[Source "ChessBase"]
[SourceDate "2018.07.29"]
[SourceVersion "1"]
[SourceVersionDate "2018.07.29"]
[SourceQuality "1"]

1. d4 Nf6 2. c4 g6 3. Nc3 Bg7 4. e4 0-0 5. Be3 d6 6. f3 c6 7. Qd2 Nbd7 8. Nge2 a6 9. g4 b5 10. g5 Nh5 11. Ng3 Nxg3 12. hxg3 Re8 13. f4 Rb8 14. cxb5 axb5 15. b4 c5 16. dxc5 Nxc5 17. bxc5 b4 18. Bd4 e5 19. Nb5 exd4 20. Nxd6 d3 21. Rc1 Bc3 22. Rxc3 bxc3 23. Qxc3 Ba6 24. Kf2 Re7 25. Bg2 Bb7 26. Rd1 Ra8 27. a3 Qb8 28. Rxd3 Bc6 29. Qb4 Qa7 30. Rb3 Ba4 31. Rc3 Rb8 32. Qd4 Bc6 33. Bf3 Rb2+ 34. Ke3 Qa8 35. Nc4 Bxe4 36. Bxe4 Rxe4+ 37. Qxe4 Re2+ 38. Kxe2 Qxe4+ 39. Ne3 Qc6 40. a4 Kf8 41. a5 Ke7 42. Rc4 Kd7 43. Kd3 Qb5 44. c6+ Kc7 45. Kd4 Qxa5 46. Nd5+ Kd6 47. Nc3 Kc7 48. Nd5+ Kd6 49. Nc3 Kc7 50. Nd5+ 1/2-1/2

[Event "Riga Tech op 8th"]
[Site "Riga"]
[Date "2018.08.10"]
[Round "7"]
[White "Zakhartsov, Viacheslav V"]
[Black "Seyb, Alexander"]
[Result "1/2-1/2"]
[WhiteElo "2544"]
[BlackElo "2383"]
[PlyCount "71"]
[EventDate "2018.08.06"]
[EventType "swiss"]
[EventRounds "9"]
[EventCountry "LAT"]
[SourceTitle "CBM 185 Extra"]
[Source "ChessBase"]
[SourceDate "2018.07.29"]
[SourceVersion "1"]
[SourceVersionDate "2018.07.29"]
[SourceQuality "1"]

1. Nf3 Nf6 2. c4 c5 3. Nc3 d5 4. cxd5 Nxd5 5. e3 Nc6 6. Bb5 Nxc3 7. bxc3 Qc7 8. d4 cxd4 9. exd4 a6 10. Ba4 e6 11. 0-0 Be7 12. Qd3 Bd7 13. Qe4 0-0 14. Bf4 Qa5 15. Bc2 g6 16. c4 Bf6 17. Rab1 Ne7 18. Be5 Bc6 19. Qf4 Bxe5 20. Nxe5 Kg7 21. Ng4 Ng8 22. Bb3 Rad8 23. Rbd1 Qf5 24. Qxf5 gxf5 25. Ne5 Ne7 26. Rfe1 Kf6 27. f3 b5 28. Nxc6 Nxc6 29. cxb5 axb5 30. d5 exd5 31. Bxd5 Rd6 32. Bxc6 Rxc6 33. Re2 Ra8 34. Rd5 Rc1+ 35. Kf2 Ra1 36. Rxb5 1/2-1/2

[Event "Riga Tech op 8th"]
[Site "Riga"]
[Date "2018.08.07"]
[Round "2"]
[White "Mishuchkov, Nikolai Mikhailovic"]
[Black "Zakhartsov, Viacheslav V"]
[Result "1/2-1/2"]
[WhiteElo "2307"]
[BlackElo "2544"]
[PlyCount "40"]
[EventDate "2018.08.06"]
[EventType "swiss"]
[EventRounds "9"]
[EventCountry "LAT"]
[SourceTitle "CBM 185 Extra"]
[Source "ChessBase"]
[SourceDate "2018.07.29"]
[SourceVersion "1"]
[SourceVersionDate "2018.07.29"]
[SourceQuality "1"]

1. Nf3 Nf6 2. c4 b6 3. g3 c5 4. Bg2 Bb7 5. 0-0 e6 6. b3 Be7 7. Bb2 0-0 8. Nc3 a6 9. e3 Qc7 10. d4 cxd4 11. exd4 d5 12. cxd5 Nxd5 13. Rc1 Nxc3 14. Rxc3 Qd6 15. Ne5 Bxg2 16. Kxg2 Nd7 17. Rc6 Qd5+ 18. Qf3 Qxf3+ 19. Kxf3 Nxe5+ 20. dxe5 Bc5 1/2-1/2

[Event "Riga Tech op 8th"]
[Site "Riga"]
[Date "2018.08.06"]
[Round "1"]
[White "Zakhartsov, Viacheslav V"]
[Black "Huber, Philipp"]
[Result "1-0"]
[WhiteElo "2544"]
[BlackElo "2189"]
[PlyCount "155"]
[EventDate "2018.08.06"]
[EventType "swiss"]
[EventRounds "9"]
[EventCountry "LAT"]
[SourceTitle "CBM 185 Extra"]
[Source "ChessBase"]
[SourceDate "2018.07.29"]
[SourceVersion "1"]
[SourceVersionDate "2018.07.29"]
[SourceQuality "1"]

1. d4 Nf6 2. c4 d6 3. Nf3 Nbd7 4. Nc3 c6 5. e4 e5 6. Be2 Be7 7. 0-0 0-0 8. Be3 Ng4 9. Bd2 Ngf6 10. d5 Nc5 11. Qc2 a5 12. Be3 Qc7 13. Nd2 Ne8 14. a3 f5 15. f3 f4 16. Bf2 Na6 17. dxc6 bxc6 18. Rab1 Rb8 19. Rfc1 Nf6 20. c5 Nxc5 21. Bxc5 dxc5 22. Na4 Kh8 23. Nb3 g5 24. Nbxc5 g4 25. Qc3 gxf3 26. Bxf3 Ng4 27. Nd3 Bf6 28. Qxc6 Qg7 29. Qd6 Rb7 30. Rxc8 Rxc8 31. Bxg4 Qxg4 32. Qxf6+ Rg7 33. Ne1 Rc2 34. Qxg7+ Kxg7 35. Nxc2 f3 36. Ne1 Qxe4 37. Nc3 Qe3+ 38. Kf1 e4 39. gxf3 exf3 40. Rd1 Qf4 41. a4 Qxh2 42. Nxf3 Qxb2 43. Rd3 Kg6 44. Nd4 h5 45. Nde2 h4 46. Kg2 Qb7+ 47. Rd5 Qc8 48. Nf4+ Kf7 49. Nce2 Qg4+ 50. Kh2 Qf3 51. Rxa5 Qf2+ 52. Kh3 Qf1+ 53. Kg4 h3 54. Ng3 Qc4 55. Kxh3 Ke8 56. Re5+ Kd7 57. Re4 Qf7 58. Kg4 Kc6 59. Nf5 Kb6 60. Ne3 Qg8+ 61. Kf3 Ka5 62. Nfd5 Qc8 63. Nc4+ Ka6 64. Nde3 Qh3+ 65. Ke2 Qh1 66. Re6+ Ka7 67. a5 Qa1 68. Kd3 Qg7 69. Ke4 Qc7 70. Kd4 Qf4+ 71. Kd5 Qg5+ 72. Kc6 Qd8 73. Nd5 Qc8+ 74. Nc7 Qb7+ 75. Kd7 Qc8+ 76. Kd6 Qd8+ 77. Kc6 Qc8 78. Nd6 1-0